000 00615nam a2200217Ia 4500
999 _c45154
_d45154
003 0100
005 20190507100712.0
008 130303s9999 xx 000 0 und d
040 _cARRUPELIB
050 _aDU813.M4 1961
100 _aMead, Margaret
_938221
245 _aComing of age in Samoa
_ba psychological study of primitive youth for Western civilization
_cMargaret Mead
260 _aNew York
_bPerennial Classics
_c1961
300 _axxviii, 224 p. ;
_c20 cm.
300 _b
650 _bSamoans
_xPsychology
_946294
650 _bGirls
_zSamoan Islands
_946295
650 _bChildren
_zSamoan Islands
_946296
650 _bWomen, Samoan
_xSocial life and customs
_946297
650 _bAdolescence
_940909
650 _bSomoan Islands
_xSocial life and customs
_946298
700 _aMargaret Mead ,foreword by Franz Boas
_946299
942 _2lcc
_cMONOGRAPH